Statistiques concernant Football Quiz par lettre - N

Cliquez ici pour prendre le quiz!

Statistiques générales

  • Ce quiz a été pris 3 964 fois
  • Le résultat moyen est 10 sur 20

Statistiques - réponses

HintRéponse% Correct
A ce jour, le transfert le plus coûteux de l'histoire du footballNeymar
98%
Gardien 3ème au Ballon d'Or en 2014Manuel Neuer
94%
Ville où joue les Red Bulls aux USANew York
93%
Joueur tchèque Ballon d'Or en 2003Pavel Nedved
82%
L'équipe surnommée "The Magpies"Newcastle United
79%
Equipe nationale 3X Championne d'Afrique des NationsNigeria
77%
Equipe 4X championne de France évoluant à l'Allianz RivieraOGC Nice
76%
Ancien défenseur de la Lazio et du Milan, champion du monde en 2006 (avec l'Italie)Alessandro Nesta
62%
Equipe anglaise championne d'Europe en 1979 et 1980Nottingham Forest
59%
Equipe 9X Championne d'Allemagne, la dernière fois en 1968FC Nuremberg
52%
Joueur portugais de son nom complet Luis Carlos Almeida da CunhaNani
46%
Nation surnommée "All Whites"Nouvelle-Zélande
39%
La ville où se situe le stade San PaoloNaples
34%
Nation surnommée les Brave WarriorsNamibie
33%
On surnomme l'Inter de Milan avec ce nomNerazzurri
28%
Le "petit pont" en anglaisNutmeg
27%
Club uruguayen 46X champion d'UruguayNacional
21%
Equipe nationale surnommée les "Drillos" (surnom de l'équipe qui s'est qualifiée à la CM 1994 et 1998)Norvège
21%
Joueur hollandais surnommé Johan IIJohan Neeskens
8%
Nom du stade où s'est joué la finale de la Coupe du Monde 2002, à YokohamaNissan Stadium
3%

Distribution des résultats

Percentile par nombre de réponses

% des personnes avec chaque résultat

Votre développement - résultats

Vous n’avez pas pris ce quiz